00445nam a2200133Ia 4500008004100000100001000041245004400051260001700095300000800112650000800120942001500128999001500143952015300158191201s2019 xx 000 0 und d aICFAI 0aCase Studies in Mergers and Acquistions aICFAIbICFAI a259 aMBA 2ddccBK01 c3339d3339 00102ddc40708MBAaPIETbPIETd2009-06-09eIcfai University Pressh2kA-100l4o658.16 ICCp8603r2023-06-12 00:00:00s2023-06-07w2007-10-16yBK